000 00629nam a22001817a 4500
003 OSt
005 20251201104045.0
008 251201b |||||||| |||| 00| 0 eng d
020 _a971-27-0988-4.
040 _aDWCL-Admin lib
_cOC
082 _aCirc. 899.211 An628 2000
110 _aDon Carlos Palanca Memorial Award For Literature
245 _aAn anthology of winning works :
_bthe 1980's short story /
_cDon Carlos Palanca Memorial Award For Literature
260 _aPasig Cirty :
_bAnvil Pub. , Inc. ,
_cc2000
300 _a 557 p. ;
_c22 cm.
650 _a1. Philippine drama-Collection.
942 _2ddc
_cBK - FIL
_kFil.
_n0
999 _c6636
_d6636